| 000 | 00359nam a2200145 a 4500 | ||
|---|---|---|---|
| 001 | 1729 | ||
| 003 | CDMR | ||
| 005 | 20130116135214.0 | ||
| 008 | 130130s1970||||||||||||||||||||||||||||d | ||
| 040 |
_aCDMR _bcat _cCPC GIRONA |
||
| 100 | 1 |
_aAlbala, Alfonso _91291 |
|
| 245 | 1 | 0 |
_aIntroducción al periodismo _cAlbala, Alfonso |
| 260 |
_c1970 _bGuadarrama |
||
| 942 | _cMON | ||
| 999 |
_c1729 _d1729 |
||